| 000 | 00425nam a22001577a 4500 | ||
|---|---|---|---|
| 999 |
_c12447 _d12447 |
||
| 008 | 210202b ||||| |||| 00| 0 eng d | ||
| 082 | 0 | 0 |
_a621.37 _bG9775 |
| 100 |
_91846 _aGupta, J.B. |
||
| 245 | 1 | 0 |
_aElectrical measurements and measuring instruments _cby J.B. Gupta |
| 250 | _a2nd ed. | ||
| 260 |
_aLudhiana _bKatson _c1971 |
||
| 300 | _axvi, 485p. | ||
| 365 | _d20.00 | ||
| 650 | 0 | _aElectrical Engineering | |
| 942 | _cBK | ||